| 000 | 00000nas 2200000za 4500 |
| 001 | 9.802305 |
| 003 | CaOODSP |
| 005 | 20240219183348 |
| 007 | cr ||||||||||| |
| 008 | 150714c20139999onc x m o f000#a0eng|d |
| 040 | |aCaOODSP|beng |
| 043 | |an-cn--- |
| 086 | |aD68-2E-PDF |
| 130 | 0 |aScientific report (Defence R&D Canada) |
| 245 | 10|aScientific report |h[electronic resource] / |cDefence Research and Development Canada. |
| 260 | |a[Ottawa] : |bDefence Research and Development Canada, |c[2013?]- |
| 310 | |aIrregular |
| 362 | 0 |a2013- |
| 692 | 07|2gccst|aArmed forces |
| 692 | 07|2gccst|aWar |
| 692 | 07|2gccst|aResearch and development |
| 710 | 2 |aDefence R&D Canada. |